000 00478cam a22002051 4500
001 sa 68000911
003 DLC
005 20260227112428.0
008 881102s1964 xx 000 0 urdo
010 _asa 68000911
035 _a(OCoLC)23540616
040 _aDLC
_cMiU
_dDLC
042 _apremarc
050 0 0 _aPK1971
_b.R8
245 0 0 _aRūḥ-i tanqīdī adab.
260 _c[1964]
300 _a4 v. in 1.
_c22 cm.
500 _aRomanized.
650 0 _aUrdu philology
999 _c77540
_d77540